The Soviet Union Quiz - Multiple Choice - Statistics

General Stats
  • This quiz has been taken 123 times
    122 since last reset
  • The average score is 18 of 20
Answer Stats
Question Answer % Correct
When did the Soviet Union finally dissolve ? 1991
100%
Soviet Union was at war from December 1979 to February 1989 with... ? Afghanistan
100%
What would they call their Soviet space travellers ? Cosmonaut
100%
What was the name of the forced labour camps (or more accurately the government agency which was in charge of them) in the Soviet Union? Gulag
100%
What is the most famous thing on display in that mausoleum ? His preserved body
100%
Who was the longest serving Soviet leader ? Josef Stalin
100%
What was the secret police of Soviet Union called? KGB
100%
What was the name of Saint Petersburg during most of the Soviet Union? Leningrad
100%
Whose mausoleum is in the Red Square ? Lenin's
100%
Who was the last Soviet leader ? Mikhail Gorbachev
100%
What was the capital of Soviet Union ? Moscow
100%
What was the currency of the Soviet Union ? Soviet ruble
100%
In which modern day country is Chernobyl, the site of the 1986 nuclear power plant disaster / accident ? Ukraine
100%
Who was the first Soviet leader ? Vladimir Lenin
100%
Who was the first man in outer space ? Yuri Gagarin
100%
What was the name of the collective farms in the Soviet Union ? Kolkhoz
75%
What was the national anthem of the Soviet Union ? "The Internationale"
75%
What was his capsule called ? Vostok 1
75%
Soviet Union hosted the Summer Olympics in.... ? 1980
50%
How long was that longest serving Soviet leader in power ? 29 years
25%
No matching quizzes found
Score Distribution
Percent of People with Each Score
Percentile by Number Answered
Your Score History
You have not taken this quiz since the last reset